000
00316nam a2200121Ia 4500
005
20251222140053.0
008
251222s1900||||xx |||||||||||||| ||spa||
020
_a
978-987-620-102-5
082
_a
144/S83
100
_a
"Stramiello, Clara Inés"
245
0
_a
Juan Luis Vives: La formación del humanista
942
_c
LIB
999
_c
3662
_d
3662